Equity through the cases. (Record no. 109)

MARC details
000 -LEADER
fixed length control field 00812cam a2200289u 4500
001 - CONTROL NUMBER
control field 6095301
003 - CONTROL NUMBER IDENTIFIER
control field OSt
005 - DATE AND TIME OF LATEST TRANSACTION
control field 20150618125851.0
008 - FIXED-LENGTH DATA ELEMENTS--GENERAL INFORMATION
fixed length control field 850306s1961 enk 000 0 eng
010 ## - LIBRARY OF CONGRESS CONTROL NUMBER
LC control number 61065888
040 ## - CATALOGING SOURCE
Original cataloging agency DLC
Transcribing agency CarP
Modifying agency DLC
043 ## - GEOGRAPHIC AREA CODE
Geographic area code e-uk---
050 00 - LIBRARY OF CONGRESS CALL NUMBER
Classification number KD1480.A7
Item number N3 1961
082 ## - DEWEY DECIMAL CLASSIFICATION NUMBER
Edition number 21
Classification number 346.05 NAT
100 1# - MAIN ENTRY--PERSONAL NAME
Personal name Marshall, Oshley Roy
9 (RLIN) 289
245 10 - TITLE STATEMENT
Title Equity through the cases.
250 ## - EDITION STATEMENT
Edition statement 4th ed.
260 ## - PUBLICATION, DISTRIBUTION, ETC. (IMPRINT)
Place of publication, distribution, etc London,
Name of publisher, distributor, etc Stevens,
Date of publication, distribution, etc 1961.
300 ## - PHYSICAL DESCRIPTION
Extent 682 p.
Dimensions 26 cm.
504 ## - BIBLIOGRAPHY, ETC. NOTE
Bibliography, etc Includes index
650 #0 - SUBJECT ADDED ENTRY--TOPICAL TERM
Topical term or geographic name as entry element Trusts and trustees
Geographic subdivision Great Britain
Form subdivision Cases.
9 (RLIN) 290
650 #0 - SUBJECT ADDED ENTRY--TOPICAL TERM
Topical term or geographic name as entry element Equity
Geographic subdivision Great Britain
Form subdivision Cases.
9 (RLIN) 291
700 1# - ADDED ENTRY--PERSONAL NAME
Personal name . Nathan, Joseph Arnold.
9 (RLIN) 292
906 ## - LOCAL DATA ELEMENT F, LDF (RLIN)
a 0
b cbc
c premunv
d u
e ncip
f 19
g y-gencatlg
942 ## - ADDED ENTRY ELEMENTS (KOHA)
Source of classification or shelving scheme Dewey Decimal Classification
Koha item type Books
Holdings
Withdrawn status Lost status Source of classification or shelving scheme Damaged status Not for loan Home library Current library Shelving location Date acquired Total Checkouts Full call number Barcode Date last seen Price effective from Koha item type
    Dewey Decimal Classification     Law Development Centre Main Library Law Development Centre Main Library Text Books and Laws 04/08/2011   346.05 NAT 2011/2616 04/08/2011 04/08/2011 Books